000 00866cad a22002295a 4500
001 L152442
008 110308s2011 xxk f 000 0 eng d
035 _a(Sirsi) u152442
041 0 _aeng
050 0 4 _a333.33 $2 18
110 2 _aChristie and Co
_91921
245 0 0 _aBusiness outlook 2011
_h[electronic resource]
260 _aLondon
_bChristie
_c2011
490 0 _aChristie Business Outlook
_v2011-
520 _aPresents an annual outlook on and review of the various market sectors in which Christie is a leading operator namely hotels, public houses, restaurants, care, retail, and leisure.
590 _aKA
651 4 _aEurope
651 4 _aUnited Kingdom
_y
690 _aPROPERTY-COMMERCIAL PROPERTY-COMMERCIAL PROPERTY MARKET
856 4 0 _uhttps://www.christie.com/publications
_zView the report free of charge at www.christie.com
942 _n0
999 _c112061
_d112061